000 00514nam a2200157 4500
001 118650
003 ES-MaACL
005 20230906191138.0
007 t|
008 070214s1944 sp r ||||1| spa d
100 1 _aPérez-Beato Olivier, Manuel.
_990667
245 1 0 _aManual-formulario de geometría analítica /
_cManuel Pérez-Beato Olivier.
260 _aMadrid :
_bSociedad Anónima Española de Traductores y Autores,
_c1944.
300 _aXLVIII, 376 p. ;
_c25 cm.
852 _aES-MaACL
_jF-16047
_bR.20863
999 _c118650
_d118650